02119 2200277 4500001002100000005001500021035002000036006001800056008004100074020002200115041000700137082001400144090001600158100002500174245014500199260002900344300002700373084002100400650001400421650002700435650004200462520128000504990001901784990001901803990001901822INLIS00000000001483220250912102552 a0010-0925000029a ||| |250912 e 0 ind  a978-623-346-933-3 aid a320.959 8 a320.5 TIR m0 aRiwanto Tirtosudarmo1 aRiwanto Tirtosudarmo dan Nasionalisme yang lebih rileks :bfestschrift 70 tahun demografer politik pertama Indonesia /cRiwanto Tirtosudarmo aJakarta :bKompas,c2023 axxiv, 400 hlm.; 23 cm, a320.959 8 RIW r aDemografi aPolitik dan kebudayaan aIndonesia -- Politik dan pemerintahan aBuku ini adalah kumpulan esai dari kolega dan sahabat untuk merayakan 70 tahun usia Riwanto Tirtosudarmo seorang peneliti sosial yang hampir 40 tahun bekerja di Lembaga Ilmu Pengetahuan Indonesia (LIPI). Esai- esai ini semula merupakan materi yang disampaikan dalam delapan kali seri webinar kerjasama antara Pusat Studi Heritage Nusantara Universitas Kristen Satya Wacana (PSHN-UKSW) dengan Pusat Penelitian Kemasyarakatan dan Kebudayaan Lembaga Ilmu Pengetahuan Indonesia (PMB-LIPI) dengan mengambil tema “Transformasi Sosial Budaya Pasca Reformasi”. Dalam setiap seri webinar dipilih sebuah sub-tema yang pernah menjadi topik kajian Riwanto Tirtosudarmo sepanjang kariernya sebagai seorang ahli ilmu sosial. Kedelapan sub-tema itu adalah: demografi, etnisitas, migrasi internasional, masyarakat adat, agama lokal, cagar budaya, politik lokal, dan kewarganegaraan. PEMAPARAN PARA AHLI tentang berbagai isu sosial budaya yang sangat beragam dalam buku ini diharapkan tidak hanya menjadi penghormatan bagi Riwanto Tirtosudarmo atas dedikasinya sebagai peneliti sosial, tetapi lebih dari itu hendaknya dapat merangsang munculnya pemikiran-pemikiran baru tentang berbagai isu kontemporer dalam dunia ilmu sosial dan kemanusiaan baik di dalam maupun di luar Indonesia. a025.4113/PC/25 a025.4114/PC/25 a025.4115/PC/25